000 00647nam a2200205Ia 4500
003 GCL
008 140319s9999 xx 000 0 ara d
040 _aGCL /
_cGCL
082 0 4 _a010
_bه م
100 1 _aهادى حسن حمودى
245 1 0 _aالمخطوطات العربية فى مكتبة باريس الوطينية /
_cهادى حسن حمودى
260 _a[S.N] :
_bدار الافاق الجديدة ،
_c1986
300 _a275 ص
490 _a
650 0 4 _aالمخطوطات
650 0 4 _aالكتب النادرة
650 0 4 _aالببليوجرافيات
650 0 4 _aالببليوجرافيا
942 _2ddc
_cBK
999 _c35879
_d35879